000 00771nam a2200265Ia 4500
001 Para_4739
003 CHAP
008 220125s1930 xx 000 0 und d
010 _a203213
040 _cCHAP
090 _aPA FOLLETO 2140
100 _aNcwhall, A. G.
_980643
245 _aControl of root-knot nematode in greenhouses /
_c A. G. Newhall
260 _aWooster, Ohio :
_b Agricultural Experiment Station
300 _a60 p.
440 _aOhio. Agr. Exp. Sta. Bull; 451
_9168877
650 _aNemátodos parásitos de plantas Control de plagas
_9168878
901 _aPA FOLLETO 2140
902 _aA
905 _a0000001930 WOO 0000000000 00
910 _a1930
942 _cPARA
942 _cPARA
_d1
999 _c203213
_d203213